MAKING THE MOST OF SMALL SPACES. (Record no. 1157900)

MARC details
000 -LEADER
fixed length control field 00293nam a2200121Ia 4500
008 - FIXED-LENGTH DATA ELEMENTS--GENERAL INFORMATION
fixed length control field 240521s1999 xx 000 0 und d
020 ## - INTERNATIONAL STANDARD BOOK NUMBER
International Standard Book Number 1 85029-574-3
041 ## - LANGUAGE CODE
Language code of text/sound track or separate title eng
100 ## - MAIN ENTRY--PERSONAL NAME
Personal name PARIKH A.
245 ## - TITLE STATEMENT
Title MAKING THE MOST OF SMALL SPACES.
260 ## - PUBLICATION, DISTRIBUTION, ETC.
Name of publisher, distributor, etc. CONRON OCTOPUS
Date of publication, distribution, etc. 1999
300 ## - PHYSICAL DESCRIPTION
Extent 80

No items available.